<?xml version="1.0" encoding="UTF-8"?>
<record
    xmlns:xsi="http://www.w3.org/2001/XMLSchema-instance"
    xsi:schemaLocation="http://www.loc.gov/MARC21/slim http://www.loc.gov/standards/marcxml/schema/MARC21slim.xsd"
    xmlns="http://www.loc.gov/MARC21/slim">

  <leader>01401nam a2200445 a 4500</leader>
  <controlfield tag="005">20250806092751.0</controlfield>
  <controlfield tag="008">100930e2019||||ag a   f |||| 001 0 spa d</controlfield>
  <datafield tag="020" ind1=" " ind2=" ">
    <subfield code="a">9789871639984</subfield>
  </datafield>
  <datafield tag="041" ind1=" " ind2=" ">
    <subfield code="a">spa</subfield>
  </datafield>
  <datafield tag="092" ind1=" " ind2=" ">
    <subfield code="c">616</subfield>
    <subfield code="l">51</subfield>
    <subfield code="s">MED</subfield>
  </datafield>
  <datafield tag="245" ind1=" " ind2=" ">
    <subfield code="a">Medicina interna de todos los d&#xED;as /</subfield>
    <subfield code="c">Mar&#xED;a de las Mercedes Magaz</subfield>
  </datafield>
  <datafield tag="250" ind1=" " ind2=" ">
    <subfield code="a">2a ed.</subfield>
  </datafield>
  <datafield tag="260" ind1=" " ind2=" ">
    <subfield code="a">Buenos Aires: </subfield>
    <subfield code="b">delhospital ediciones;</subfield>
    <subfield code="c">2019.</subfield>
  </datafield>
  <datafield tag="300" ind1=" " ind2=" ">
    <subfield code="a">592 p.</subfield>
    <subfield code="b">il.</subfield>
    <subfield code="c">18x14 cm.</subfield>
  </datafield>
  <datafield tag="500" ind1=" " ind2=" ">
    <subfield code="a">Magaz, M. de las M.  et al. (2019). Medicina interna de todos los d&#xED;as. (2a ed.). Buenos Aires : delhospital ediciones.</subfield>
  </datafield>
  <datafield tag="653" ind1=" " ind2=" ">
    <subfield code="a">Cardiolog&#xED;a</subfield>
  </datafield>
  <datafield tag="653" ind1=" " ind2=" ">
    <subfield code="a">Neumolog&#xED;a</subfield>
  </datafield>
  <datafield tag="653" ind1=" " ind2=" ">
    <subfield code="a">Gastroenterolog&#xED;a</subfield>
  </datafield>
  <datafield tag="653" ind1=" " ind2=" ">
    <subfield code="a">Nefrolog&#xED;a</subfield>
  </datafield>
  <datafield tag="653" ind1=" " ind2=" ">
    <subfield code="a">Hematolog&#xED;a</subfield>
  </datafield>
  <datafield tag="653" ind1=" " ind2=" ">
    <subfield code="a">Oncolog&#xED;a</subfield>
  </datafield>
  <datafield tag="653" ind1=" " ind2=" ">
    <subfield code="a">Infectolog&#xED;a</subfield>
  </datafield>
  <datafield tag="653" ind1=" " ind2=" ">
    <subfield code="a">Endocrinolog&#xED;a</subfield>
  </datafield>
  <datafield tag="653" ind1=" " ind2=" ">
    <subfield code="a">Reumatolog&#xED;a</subfield>
  </datafield>
  <datafield tag="653" ind1=" " ind2=" ">
    <subfield code="a">Neurolog&#xED;a</subfield>
  </datafield>
  <datafield tag="653" ind1=" " ind2=" ">
    <subfield code="a">Dermatolog&#xED;a</subfield>
  </datafield>
  <datafield tag="653" ind1=" " ind2=" ">
    <subfield code="a">Oftalmolog&#xED;a</subfield>
  </datafield>
  <datafield tag="653" ind1=" " ind2=" ">
    <subfield code="a">Otorrinolaringolog&#xED;a</subfield>
  </datafield>
  <datafield tag="653" ind1=" " ind2=" ">
    <subfield code="a">Nutrici&#xF3;n</subfield>
  </datafield>
  <datafield tag="653" ind1=" " ind2=" ">
    <subfield code="a">Toxicolog&#xED;a</subfield>
  </datafield>
  <datafield tag="653" ind1=" " ind2=" ">
    <subfield code="a">Analgesia</subfield>
  </datafield>
  <datafield tag="653" ind1=" " ind2=" ">
    <subfield code="a">Abordaje del paciente cr&#xED;tico</subfield>
  </datafield>
  <datafield tag="700" ind1="1" ind2=" ">
    <subfield code="a">Magaz, Mar&#xED;a de las Merdeces</subfield>
    <subfield code="e">Ed.</subfield>
    <subfield code="9">3435</subfield>
  </datafield>
  <datafield tag="700" ind1="1" ind2=" ">
    <subfield code="a">Binder, Fernando. </subfield>
    <subfield code="e">Ed.</subfield>
    <subfield code="9">4346</subfield>
  </datafield>
  <datafield tag="700" ind1="1" ind2=" ">
    <subfield code="a">Bonella, Mar&#xED;a Bel&#xE9;n.</subfield>
    <subfield code="9">4347</subfield>
  </datafield>
  <datafield tag="700" ind1="1" ind2=" ">
    <subfield code="a">Sujodoles Gazzaro, Laila. </subfield>
    <subfield code="9">4348</subfield>
  </datafield>
  <datafield tag="700" ind1="1" ind2=" ">
    <subfield code="a">Moreno Rodr&#xED;guez, Roc&#xED;o Celeste.</subfield>
    <subfield code="9">4349</subfield>
  </datafield>
  <datafield tag="700" ind1="1" ind2=" ">
    <subfield code="a">Ussher, Patricio.</subfield>
    <subfield code="9">4350</subfield>
  </datafield>
  <datafield tag="942" ind1=" " ind2=" ">
    <subfield code="2">ddc</subfield>
    <subfield code="c">BK</subfield>
  </datafield>
  <datafield tag="999" ind1=" " ind2=" ">
    <subfield code="c">3300</subfield>
    <subfield code="d">3300</subfield>
  </datafield>
  <datafield tag="952" ind1=" " ind2=" ">
    <subfield code="0">0</subfield>
    <subfield code="1">0</subfield>
    <subfield code="2">ddc</subfield>
    <subfield code="4">0</subfield>
    <subfield code="7">0</subfield>
    <subfield code="a">BFM</subfield>
    <subfield code="b">BFM</subfield>
    <subfield code="c">CR</subfield>
    <subfield code="d">2025-07-30</subfield>
    <subfield code="e">Reemplazo de ejemplar, por Joaqu&#xED;n Arias. Junio 2025.</subfield>
    <subfield code="l">2</subfield>
    <subfield code="m">1</subfield>
    <subfield code="o">616 51 MED</subfield>
    <subfield code="p">4092</subfield>
    <subfield code="r">2025-11-26</subfield>
    <subfield code="s">2025-11-11</subfield>
    <subfield code="t">Ej. 1</subfield>
    <subfield code="w">2025-08-06</subfield>
    <subfield code="y">BK</subfield>
    <subfield code="z">Reemplazo de ejemplar, por Joaqu&#xED;n Arias. Junio 2025.</subfield>
    <subfield code="f"></subfield>
  </datafield>
  <datafield tag="952" ind1=" " ind2=" ">
    <subfield code="0">0</subfield>
    <subfield code="1">0</subfield>
    <subfield code="2">ddc</subfield>
    <subfield code="4">0</subfield>
    <subfield code="7">0</subfield>
    <subfield code="a">BFM</subfield>
    <subfield code="b">BFM</subfield>
    <subfield code="c">CR</subfield>
    <subfield code="d">2025-07-30</subfield>
    <subfield code="e">Donaci&#xF3;n Asociaci&#xF3;n Neuquina de Anestesia - ANAAR, Julio 2025.</subfield>
    <subfield code="g">38000.00</subfield>
    <subfield code="l">4</subfield>
    <subfield code="o">616 51 MED</subfield>
    <subfield code="p">5078</subfield>
    <subfield code="q">2026-06-05</subfield>
    <subfield code="r">2026-05-28</subfield>
    <subfield code="s">2026-05-28</subfield>
    <subfield code="t">Ej. 4</subfield>
    <subfield code="w">2025-08-06</subfield>
    <subfield code="y">BK</subfield>
    <subfield code="z">Donaci&#xF3;n Asociaci&#xF3;n Neuquina de Anestesia - ANAAR, Julio 2025. Sede Tordos.</subfield>
    <subfield code="f"></subfield>
  </datafield>
  <datafield tag="952" ind1=" " ind2=" ">
    <subfield code="0">0</subfield>
    <subfield code="1">0</subfield>
    <subfield code="2">ddc</subfield>
    <subfield code="4">0</subfield>
    <subfield code="7">0</subfield>
    <subfield code="a">BFM</subfield>
    <subfield code="b">BFM</subfield>
    <subfield code="c">CR</subfield>
    <subfield code="d">2025-07-30</subfield>
    <subfield code="e">Donaci&#xF3;n Asociaci&#xF3;n Neuquina de Anestesia - ANAAR, Julio 2025.</subfield>
    <subfield code="g">38000.00</subfield>
    <subfield code="l">2</subfield>
    <subfield code="o">616 51 MED</subfield>
    <subfield code="p">5079</subfield>
    <subfield code="r">2026-04-24</subfield>
    <subfield code="s">2026-04-06</subfield>
    <subfield code="t">Ej. 5</subfield>
    <subfield code="w">2025-08-06</subfield>
    <subfield code="y">BK</subfield>
    <subfield code="z">Donaci&#xF3;n Asociaci&#xF3;n Neuquina de Anestesia - ANAAR, Julio 2025. Sede Tordos.</subfield>
    <subfield code="f"></subfield>
  </datafield>
  <datafield tag="952" ind1=" " ind2=" ">
    <subfield code="0">0</subfield>
    <subfield code="1">0</subfield>
    <subfield code="2">ddc</subfield>
    <subfield code="4">0</subfield>
    <subfield code="7">0</subfield>
    <subfield code="a">BFM</subfield>
    <subfield code="b">BFM</subfield>
    <subfield code="c">CR</subfield>
    <subfield code="d">2025-07-30</subfield>
    <subfield code="e">Donaci&#xF3;n Asociaci&#xF3;n Neuquina de Anestesia - ANAAR, Julio 2025.</subfield>
    <subfield code="g">38000.00</subfield>
    <subfield code="l">3</subfield>
    <subfield code="m">1</subfield>
    <subfield code="o">616 51 MED</subfield>
    <subfield code="p">5080</subfield>
    <subfield code="r">2026-04-10</subfield>
    <subfield code="s">2026-03-26</subfield>
    <subfield code="t">Ej. 6</subfield>
    <subfield code="w">2025-08-06</subfield>
    <subfield code="y">BK</subfield>
    <subfield code="z">Donaci&#xF3;n Asociaci&#xF3;n Neuquina de Anestesia - ANAAR, Julio 2025. Sede Tordos.</subfield>
    <subfield code="f"></subfield>
  </datafield>
  <datafield tag="952" ind1=" " ind2=" ">
    <subfield code="0">0</subfield>
    <subfield code="1">0</subfield>
    <subfield code="2">ddc</subfield>
    <subfield code="4">0</subfield>
    <subfield code="7">0</subfield>
    <subfield code="a">BFM</subfield>
    <subfield code="b">BFM</subfield>
    <subfield code="c">CR</subfield>
    <subfield code="d">2025-07-30</subfield>
    <subfield code="e">Donaci&#xF3;n Asociaci&#xF3;n Neuquina de Anestesia - ANAAR, Julio 2025.</subfield>
    <subfield code="g">38000.00</subfield>
    <subfield code="l">4</subfield>
    <subfield code="m">1</subfield>
    <subfield code="o">616 51 MED</subfield>
    <subfield code="p">5081</subfield>
    <subfield code="r">2025-11-27</subfield>
    <subfield code="s">2025-11-10</subfield>
    <subfield code="t">Ej. 7</subfield>
    <subfield code="w">2025-08-06</subfield>
    <subfield code="y">BK</subfield>
    <subfield code="z">Donaci&#xF3;n Asociaci&#xF3;n Neuquina de Anestesia - ANAAR, Julio 2025.</subfield>
    <subfield code="f"></subfield>
  </datafield>
</record>
